Anime and Manga Trivia Quiz II Stats

 Plays Quiz not verified by Sporcle

Challenge
Share
Tweet
Embed
Score 0/20 Timer 10:00
0 Plays Today
Question Answer Wrong Answers
'Kiki's Delivery Service' (1989), 'Princess Mononoke' (1997) and 'Howl's Moving Castle' (2004) are among the works of this famous Japanese animator and manga artist Hayao Miyazaki
85.9%
Yoshifumi Kondō
3.9%
Yoshiaki Kawajiri
2.8%
Osamu Dezaki
4.5%
First aired in 2012, this anime series follows the story of Akane Tsunemori, a detective in an authoritarian future Japan, where omnipresent public sensors continuously scan the mental states of every passing citizen Psycho-Pass
85.5%
Texhnolyze
2.4%
Guilty Crown
4.3%
Ergo Proxy
4.6%
Published from 1987 to 1996, this manga series by Rumiko Takahashi follows the adventures of a young martial artist who becomes a girl when splashed with cold water due being cursed by the magical waters of a Chinese spring, and those around him Ranma ½
82.2%
Maison Ikkoku
7.3%
The Eccentric Family
2.2%
Kämpfer
4.5%
Written and illustrated by Karino Takatsu, this manga series follows the life and activities of the eccentric employees at one of the units of the 'Wagnaria' family restaurant chain. It was adapted to anime in 2010 Working!!
74.8%
Servant × Service
7.5%
Ristorante Paradiso
7.3%
Gourmet Girl Graffiti
6.3%
This anime series, first aired in 2005, focuses on the cases of people who decides to take revenge on others by sending them to Hell. Their way to do this is asking for the services of the enigmatic Ai Enma, and her assistants, on a mysterious website Hell Girl
71.2%
Death Parade
8.7%
Shigofumi
7.6%
Kyōkai no Rinne
8.7%
Published from 1997 to 2008, this manga series by Kouta Hirano follows the efforts of the members of the Royal Order of Protestant Knights to protect the United Kingdom from supernatural threats. It was adapted to anime in 2001 Hellsing
68.4%
Blood Lad
7%
X/1999
13.5%
Tactics
7.6%
This light novel series written by Kazuki Sakuraba follows the story of a Japanese exchange student in a fictional European country and a mysterious girl from said country who solves mysteries that even detectives can not solve, to ease her boredom Gosick
66.3%
Heaven's Memo Pad
11.1%
Another
6.6%
Baccano!
12.1%
In anime and manga, this term is used to refer to normal characters who suddenly become violent by usually unclear reasons Yangire
65.5%
Dojikko
6.1%
Tsunshun
16.8%
Chūnibyō
8.1%
First published from 1973 to 1983, this manga series by Osamu Tezuka follows the adventures of an obscure unlicensed doctor and the people around him Black Jack
61.5%
Ray
3.6%
Dokkiri Doctor
24.3%
GodHand Teru
7.5%
First published in April 2006, this manga series by Keitarou Takahashi chronicles the adventures of a young female arms dealer and a child soldier, who recently joined her team of bodyguards Jormungand
56.4%
Coppelion
11.5%
Black Cat
18.9%
Pumpkin Scissors
9.1%
First aired in 2008, this anime series follows the adventures of a female criminal and her apparent daughter as they travel across the fictional South American country of Diamandra Michiko & Hatchin
49.3%
The Mysterious Cities of Gold
18%
El Cazador de la Bruja
16.2%
Tico of the Seven Seas
11.5%
'The Story of Pollyanna, Girl of Love', 'The Adventures of Peter Pan' and 'Remi, Nobody's Girl' are among the anime series aired in this famous Japanese TV anime staple World Masterpiece Theater
45.9%
Noitamina
28.9%
Super Hero Time
9.7%
Noise
10.5%
'Grave of the Fireflies' (1988), 'My Neighbors the Yamadas' (1999) and 'The Tale of the Princess Kaguya' (2013) are among the works of this Japanese animator and film director Isao Takahata
41.4%
Gorō Miyazaki
29.1%
Hiromasa Yonebayashi
12.9%
Tomomi Mochizuki
12.6%
This Japanese novelist and manga writer, author of 'Magical Girl Risuka', 'Medaka Box' and the 'Zaregoto' light novel series, is known for his tendency to create unusual characters with strange names, many of which are word play Nisio Isin
36.6%
Koji Kumeta
15%
Shiori Ōta
22%
Hideyuki Kurata
21.6%
Which one of these anime television series was NOT produced by Studio Shaft? Katanagatari
31.8%
Dance in the Vampire Bund
32.8%
Bakemonogatari
10.2%
Hidamari Sketch
21.1%
Based on the books and comic strips by Swedish-speaking Finnish author Tove Jansson, this 1990 anime series was a Dutch-Finnish-Japanese co-production Moomin
29.7%
Heidi, Girl of the Alps
36.9%
Alfred J. Kwak
9.6%
Fables of the Green Forest
19.8%
Published from 1962 to 1965, this manga series written and illustrated by Fujio Akatsuka is regarded as the earliest 'Magical girl' manga. It predates 'Sally the Witch', the manga in which the first magical girl anime is based on, by six years Himitsu no Akko-chan
24.9%
Magical Princess Minky Momo
34%
Majokko Megu-chan
24%
Mahōtsukai Chappy
13%
'Steel Angel Kurumi', 'Kannazuki no Miko' and 'Shattered Angels' are manga series created by this manga artist duo, consisting of Hitoshi Ota and Terumasa Shichinohe Kaishaku
23.8%
Clamp
24.9%
Peach-Pit
27.3%
Yudetamago
19.5%
'Momotarō: Umi no Shinpei' is the first Japanese feature-length animated film. It was directed by Mitsuyo Seo, who was ordered to make a war propaganda film by the Japanese Naval Ministry. In which year was this film made? 1945
22.9%
1943
27.7%
1939
16.5%
1941
29.2%
First awarded in 1962, this animation prize was originally established to recognise the work of the independent Japanese animators Ōfuji Noburō Award
14.5%
Tezuka Award
41.1%
Tokyo Anime Award
24.6%
Akatsuka Award
15.6%

You're not logged in!

Compare scores with friends on all Sporcle quizzes.
Join for Free
OR
Log In

You Might Also Like...

Show Comments

Extras

Top Quizzes Today


Score Distribution

Your Account Isn't Verified!

In order to create a playlist on Sporcle, you need to verify the email address you used during registration. Go to your Sporcle Settings to finish the process.

Report this User

Report this user for behavior that violates our Community Guidelines.

Details: